000 00650nam a22001577a 4500
003 OSt
005 20151024113133.0
008 151024b xxu||||| |||| 00| 0 eng d
040 _cRUA
082 _aAVM CHU 2012 B101 Or.1
100 _92760
_aCHUN MENGLAY
245 _aStudy on the prevalence of gastrointinal parasites in dog at baty district, takeo province, (កម្រិតរាលដាលបរាសិតក្នុងក្រពះ ពោះវៀនសុនខ ក្នុងស្រុកបាទី ខេត្តតាកែវ)
260 _aPhnom Penh
_bRua
_c2012
300 _avii;46p.
_bill.
_c29cm.
942 _2ddc
_cAVM
999 _c2584
_d2584